Normal view
MARC view
- Racaniello, V. R.
Entry Personal Name
001 - CONTROL NUMBER
- control field: 15754
003 - CONTROL NUMBER IDENTIFIER
- control field: OSt
005 - DATE AND TIME OF LATEST TRANSACTION
- control field: 20260408100634.0
008 - FIXED-LENGTH DATA ELEMENTS
- fixed length control field: 260408|| aca||aabn | a|a d
040 ## - CATALOGING SOURCE
- Original cataloging agency: OSt
- Transcribing agency: OSt
100 ## - HEADING--PERSONAL NAME
- Personal name: Racaniello, V. R.
- Fuller form of name: (Vincent R.)
670 ## - SOURCE DATA FOUND
- Source citation: Work cat.: (OSt)6196: Principles of virology /